International trade and investment in Japan

Bewaard in:
Bibliografische gegevens
Formaat: Boek
Taal:Undetermined
Gepubliceerd in: Tokyo The Japan Foreign Trade Council, Inc. 1979
Onderwerpen:
Tags: Voeg label toe
Geen labels, Wees de eerste die dit record labelt!
Thư viện lưu trữ: Trung tâm Học liệu Trường Đại học Cần Thơ
LEADER 00429nam a2200145Ia 4500
001 CTU_77804
008 210402s9999 xx 000 0 und d
082 |a 382 
082 |b I.61 
245 0 |a International trade and investment in Japan 
260 |a Tokyo 
260 |b The Japan Foreign Trade Council, Inc. 
260 |c 1979 
650 |a International trade,Investment 
980 |a Trung tâm Học liệu Trường Đại học Cần Thơ